[Event "2nd EUR-ch (w)"]
[Site "Warsaw POL"]
[Date "2001.04.25"]
[Round "4.20"]
[White "Stepovaya-Dianchenko, Tatiana"]
[Black "Reizniece, Dana"]
[Result "1-0"]
[WhiteElo "2440"]
[BlackElo "2301"]
[EventDate "2001.04.21"]
[PlyCount "87"]

1.e4 c5 2.d3 e6 3.Nf3 Nc6 4.g3 d6 5.Bg2 Nf6 6.O-O Be7 7.h3 O-O 8.Nc3 Rb8 
9.Ne2 Bd7 10.Nh2 Ne8 11.f4 f5 12.g4 Nc7 13.Nf3 g6 14.Ng3 Bf6 15.gxf5 exf5 
16.exf5 Bxf5 17.Nxf5 gxf5 18.c3 Qd7 19.Be3 Kh8 20.Qd2 Ne7 21.d4 c4 22.d5 
b6 23.Ne1 Rbe8 24.Nc2 Rg8 25.Kh2 Ng6 26.Rg1 Rxe3 27.Nxe3 Nxf4 28.Nxc4 Ng6 
29.a4 b5 30.axb5 Qxb5 31.Ne3 Nh4 32.Kh1 a6 33.Raf1 Qd7 34.Qf2 Bg5 35.Nxf5 
Rf8 36.Be4 Bf6 37.Rg4 Ng6 38.Nh6 Qg7 39.Nf5 Qd7 40.Qb6 Be5 41.Qc6 Qd8 42.
Rf3 Ne8 43.Qb7 Nf6 44.Qg7# 1-0

[Event "2nd EUR-ch (w)"]
[Site "Warsaw POL"]
[Date "2001.04.25"]
[Round "4.21"]
[White "Korbut, Ekaterina"]
[Black "Manakova, Maria"]
[Result "1-0"]
[WhiteElo "2330"]
[BlackElo "2395"]
[EventDate "2001.04.21"]
[PlyCount "119"]

1.e4 e6 2.d4 d5 3.Nc3 Bb4 4.e5 c5 5.a3 Bxc3+ 6.bxc3 Qc7 7.Bd2 Ne7 8.Qg4 
cxd4 9.cxd4 Qxc2 10.Rc1 Qe4+ 11.Qxe4 dxe4 12.g4 Nbc6 13.Ne2 h5 14.g5 Nf5 
15.Bg2 Nfxd4 16.Nxd4 Nxd4 17.Bxe4 O-O 18.Be3 Rd8 19.Rf1 Nf5 20.Bc5 Rd7 21.
Ke2 Rc7 22.Bd6 Rxc1 23.Rxc1 Nxd6 24.exd6 Bd7 25.Rc7 Rd8 26.Rxb7 f5 27.Bd3 
a5 28.Ra7 a4 29.Bc4 Kf8 30.f4 Bc6 31.Bxe6 Rxd6 32.Bxf5 Bb5+ 33.Ke3 Rc6 34.
Ra5 Rb6 35.Bc2 Rc6 36.Be4 Rb6 37.Ra7 Be8 38.Rb7 Re6 39.Rb8 g6 40.Kd4 Ke7 
41.Rb7+ Kf8 42.Rb2 h4 43.Rb8 Kg7 44.Rb7+ Kh8 45.Rc7 Bb5 46.Kd5 Ra6 47.Kc5 
Be2 48.Rc6 Ra5+ 49.Kb4 Rb5+ 50.Kxa4 Rb2 51.Rxg6 Bc4 52.Ka5 Rxh2 53.f5 Bb3 
54.f6 h3 55.Rh6+ Kg8 56.g6 Re2 57.f7+ Bxf7 58.gxf7+ Kxf7 59.Bh7 Ke8 60.
Rxh3 1-0

[Event "2nd EUR-ch (w)"]
[Site "Warsaw POL"]
[Date "2001.04.25"]
[Round "4.23"]
[White "Ovod, Evgenia"]
[Black "Kosintseva, Nadezhda"]
[Result "0-1"]
[WhiteElo "2383"]
[BlackElo "2289"]
[EventDate "2001.04.21"]
[PlyCount "72"]

1.d4 f5 2.g3 Nf6 3.Bg2 g6 4.Nf3 Bg7 5.O-O O-O 6.c4 d6 7.Nc3 Qe8 8.Nd5 Nxd5
9.cxd5 c6 10.dxc6 bxc6 11.a4 h6 12.Ra3 Be6 13.Qd3 Nd7 14.b4 Nf6 15.b5 Bd5 
16.Nd2 Kh7 17.f3 e5 18.e4 fxe4 19.fxe4 Bg8 20.Nf3 Rb8 21.bxc6 Qxc6 22.d5 
Qb7 23.Nh4 Nd7 24.Be3 Rxf1+ 25.Bxf1 Bf6 26.Rc3 Nc5 27.Bxc5 dxc5 28.Rxc5 
Bd8 29.Rc6 Bb6+ 30.Kh1 Rf8 31.Nxg6 Rf2 32.Nxe5 Qe7 33.Nf3 Bf7 34.a5 Kg7 
35.Bg2 Be8 36.Rc4 Bh5 0-1

[Event "2nd EUR-ch (w)"]
[Site "Warsaw POL"]
[Date "2001.04.25"]
[Round "4.24"]
[White "Zielinska, Marta"]
[Black "Trabert, Bettina"]
[Result "1/2-1/2"]
[WhiteElo "2377"]
[BlackElo "2269"]
[EventDate "2001.04.21"]
[PlyCount "48"]

1.d4 d5 2.c4 c6 3.Nf3 e6 4.e3 Nf6 5.Bd3 Nbd7 6.O-O Bd6 7.Nbd2 O-O 8.e4 
dxe4 9.Nxe4 Nxe4 10.Bxe4 c5 11.Bc2 Qc7 12.dxc5 Bxc5 13.Qe2 Re8 14.Bd2 Be7 
15.Bc3 Bf6 16.Qe4 g6 17.Bxf6 Nxf6 18.Qh4 Kg7 19.Rfe1 b5 20.Ne5 Rd8 21.Rac1
bxc4 22.Bb3 Ba6 23.Bxc4 Bxc4 24.Nxc4 Rac8 1/2-1/2

[Event "2nd EUR-ch (w)"]
[Site "Warsaw POL"]
[Date "2001.04.25"]
[Round "4.26"]
[White "Shumiakina, Tatiana"]
[Black "Iwaniuk, Dorota"]
[Result "1-0"]
[WhiteElo "2376"]
[BlackElo "2266"]
[EventDate "2001.04.21"]
[PlyCount "67"]

1.d4 f5 2.Nc3 d5 3.Bg5 g6 4.e3 Bg7 5.Nf3 Nf6 6.Ne5 Be6 7.Be2 Nbd7 8.f4 O-O
9.O-O c5 10.Nxd7 Nxd7 11.Bf3 Nf6 12.dxc5 Ne4 13.Bxe4 fxe4 14.Ne2 Bg4 15.
Rb1 Qd7 16.Qd2 Bxe2 17.Qxe2 e6 18.c4 d4 19.exd4 Qxd4+ 20.Kh1 Rac8 21.Be7 
e3 22.Bxf8 Rxf8 23.Rbe1 Qxc5 24.Qxe3 Qxc4 25.b3 Qc2 26.Re2 Qc7 27.Qxe6+ 
Kh8 28.Qe4 Qb6 29.Rd2 Qa5 30.Rc2 Qb5 31.Rfc1 Qd7 32.Rc7 Qd2 33.Qe7 Rg8 34.
Qf7 1-0

[Event "2nd EUR-ch (w)"]
[Site "Warsaw POL"]
[Date "2001.04.25"]
[Round "4.27"]
[White "Tereladze, Sopiko"]
[Black "Zayats, Elena"]
[Result "1/2-1/2"]
[WhiteElo "2267"]
[BlackElo "2376"]
[EventDate "2001.04.21"]
[PlyCount "123"]

1.d4 Nf6 2.Nf3 d5 3.e3 Bf5 4.b3 c6 5.Bb2 e6 6.Be2 h6 7.O-O Nbd7 8.Nbd2 Ne4
9.Nxe4 Bxe4 10.Bd3 Bxd3 11.Qxd3 Bd6 12.e4 dxe4 13.Qxe4 Nf6 14.Qe2 Qe7 15.
Ne5 Ba3 16.Bxa3 Qxa3 17.c3 O-O 18.Rad1 Nd5 19.Qc2 Rfc8 20.Nd3 a5 21.Rc1 
Qd6 22.a4 b6 23.Rfe1 Rd8 24.Ne5 Rac8 25.Qe2 c5 26.Qf3 Rc7 27.Nc4 Qe7 28.
dxc5 Rxc5 29.h3 Qc7 30.Red1 Rc8 31.Rb1 Rb8 32.Rdc1 Rc8 33.Rb2 Rd8 34.g3 
Rb8 35.Ra2 Nf6 36.Na3 Rf5 37.Qe2 Qc5 38.Nb5 Rd8 39.Re1 Rfd5 40.Qe3 Qxe3 
41.Rxe3 Rd1+ 42.Kg2 Rb1 43.Nd4 Nd5 44.Rf3 Rd7 45.Rc2 Nc7 46.Re3 Na6 47.
Ree2 Nc5 48.Rb2 Rc1 49.Re3 Na6 50.Rbe2 Nc5 51.Re1 Rxe1 52.Rxe1 f6 53.f4 
Kf7 54.Kf3 Rd5 55.Re3 g5 56.Ke2 gxf4 57.gxf4 Rh5 58.Nb5 Ke7 59.Nd4 Kf7 60.
Nb5 Rd5 61.Nd4 Rh5 62.Nb5 1/2-1/2

[Event "2nd EUR-ch (w)"]
[Site "Warsaw POL"]
[Date "2001.04.25"]
[Round "4.28"]
[White "Slavina, Irina"]
[Black "Grabarska, Barbara"]
[Result "1/2-1/2"]
[WhiteElo "2332"]
[BlackElo "2213"]
[EventDate "2001.04.21"]
[PlyCount "70"]

1.Nf3 Nf6 2.c4 g6 3.Nc3 Bg7 4.e4 c5 5.d4 cxd4 6.Nxd4 d6 7.Be2 O-O 8.O-O 
Nc6 9.Be3 Bd7 10.f3 a6 11.Qd2 Rc8 12.Rac1 Nxd4 13.Bxd4 Be6 14.b3 Nd7 15.
Bxg7 Kxg7 16.Kh1 Qa5 17.f4 Nf6 18.Qb2 Kg8 19.f5 Bd7 20.fxg6 fxg6 21.c5 Be6
22.cxd6 exd6 23.Bc4 Qe5 24.Bxe6+ Qxe6 25.Qd2 Qe5 26.Qd3 Ng4 27.Rxf8+ Rxf8 
28.Qd5+ Qxd5 29.Nxd5 Nf2+ 30.Kg1 Nxe4 31.Re1 Nf6 32.Nxf6+ Rxf6 33.Re8+ Kg7
34.Rb8 b5 35.Rb7+ Rf7 1/2-1/2

[Event "2nd EUR-ch (w)"]
[Site "Warsaw POL"]
[Date "2001.04.25"]
[Round "4.29"]
[White "Alexandrova, Olga"]
[Black "Cherednichenko, Svetlana"]
[Result "0-1"]
[WhiteElo "2419"]
[BlackElo "2203"]
[EventDate "2001.04.21"]
[PlyCount "108"]

1.d4 g6 2.c4 Nf6 3.Nc3 Bg7 4.e4 d6 5.f4 O-O 6.Nf3 c5 7.d5 Re8 8.Bd3 e6 9.
O-O exd5 10.exd5 Nh5 11.f5 Bxf5 12.Bxf5 gxf5 13.Ng5 Bd4+ 14.Kh1 Ng7 15.Nf3
Bf6 16.Bf4 Nh5 17.Qd2 Re5 18.Nxe5 dxe5 19.Be3 f4 20.Bxc5 Bg7 21.Bf2 Nd7 
22.Qd3 Qg5 23.Ne4 Qh6 24.Qh3 Nb6 25.Bxb6 axb6 26.Qf5 b5 27.c5 Ra4 28.Rf3 
Qg6 29.Qxg6 hxg6 30.Nd6 e4 31.Rf2 Rd4 32.Nxb5 Rxd5 33.Rc2 e3 34.Kg1 Be5 
35.Kf1 g5 36.Ke2 g4 37.a4 Ng7 38.a5 Ne6 39.Rac1 Kf8 40.b4 Ke7 41.Ra2 Kf6 
42.Nc3 Rd8 43.Nb5 Kf5 44.c6 bxc6 45.Rxc6 Rh8 46.a6 Rxh2 47.Kd3 f3 48.Kxe3 
fxg2 49.Rf2+ Nf4 50.Rc1 g3 51.a7 gxf2 52.a8=Q f1=Q 53.Qc8+ Ne6 54.Qc2+ Kg5
0-1

[Event "2nd EUR-ch (w)"]
[Site "Warsaw POL"]
[Date "2001.04.25"]
[Round "4.31"]
[White "Khasanova, Elmira"]
[Black "Lomineishvili, Maia"]
[Result "1-0"]
[WhiteElo "2249"]
[BlackElo "2437"]
[EventDate "2001.04.21"]
[PlyCount "113"]

1.d4 Nf6 2.c4 g6 3.Nc3 Bg7 4.e4 d6 5.h3 O-O 6.Bg5 Na6 7.Nf3 Qe8 8.Be2 e5 
9.d5 Nh5 10.g3 f5 11.Nd2 Nf6 12.h4 Nc5 13.Bxf6 Rxf6 14.h5 a5 15.hxg6 hxg6 
16.Qc2 c6 17.O-O-O Rf7 18.Na4 Nxa4 19.Qxa4 Bd7 20.Qa3 Qf8 21.Kb1 cxd5 22.
cxd5 b5 23.Rc1 Bh6 24.Rc2 b4 25.Qb3 Rb8 26.g4 fxg4 27.Qg3 Bxd2 28.Rxd2 Rf4
29.f3 b3 30.fxg4 a4 31.Qh3 Qg7 32.Bd1 bxa2+ 33.Ka1 a3 34.Qxa3 Rxe4 35.Qxd6
Reb4 36.Rdh2 e4 37.Rh8+ Qxh8 38.Rxh8+ Kxh8 39.Qxd7 Rxb2 40.Qe7 Rb1+ 41.
Kxa2 R8b2+ 42.Ka3 Rb7 43.Qe5+ Kh7 44.Bc2 Ra7+ 45.Ba4 e3 46.d6 e2 47.Qxe2 
Ra1+ 48.Kb3 R1xa4 49.d7 Ra3+ 50.Kb4 R3a4+ 51.Kb5 R7a5+ 52.Kb6 Rd5 53.Qe7+ 
Kh6 54.Qh4+ Kg7 55.d8=Q Rxd8 56.Qxd8 Kh6 57.Qd2+ 1-0

[Event "2nd EUR-ch (w)"]
[Site "Warsaw POL"]
[Date "2001.04.25"]
[Round "4.34"]
[White "Grabuzova, Tatiana"]
[Black "Dzagnidze, Nana"]
[Result "1-0"]
[WhiteElo "2375"]
[BlackElo "2241"]
[EventDate "2001.04.21"]
[PlyCount "77"]

1.b3 e5 2.Bb2 d6 3.g3 f5 4.d4 e4 5.d5 Nf6 6.e3 Nbd7 7.h4 Ne5 8.Be2 Be7 9.
Nh3 O-O 10.Nf4 Nfg4 11.Bd4 Bf6 12.Nd2 Bd7 13.Nh5 Qe7 14.Nxf6+ Rxf6 15.Nc4 
Rh6 16.Bb2 g5 17.Qd4 gxh4 18.gxh4 Re8 19.Bxg4 fxg4 20.O-O-O Rf6 21.Rdf1 b5
22.Nd2 c5 23.dxc6 Bxc6 24.Nxe4 Re6 25.Rhg1 h5 26.Ng5 Rh6 27.f3 Ng6 28.fxg4
Qxe3+ 29.Qxe3 Rxe3 30.gxh5 Rxh5 31.Nf7 Kh7 32.Nxd6 Re7 33.Nf5 Rc7 34.Rg5 
Rxg5 35.hxg5 Be4 36.Ne3 a5 37.Rf2 Rc5 38.Ng4 Rf5 39.Nf6+ 1-0

[Event "2nd EUR-ch (w)"]
[Site "Warsaw POL"]
[Date "2001.04.25"]
[Round "4.35"]
[White "Sasu-Ducsoara, Andreea"]
[Black "Klinova, Masha"]
[Result "1/2-1/2"]
[WhiteElo "2240"]
[BlackElo "2368"]
[EventDate "2001.04.21"]
[PlyCount "26"]

1.e4 c6 2.d4 d5 3.Nc3 dxe4 4.Nxe4 Nd7 5.Nf3 Ngf6 6.Ng3 e6 7.Bd3 c5 8.O-O 
Be7 9.Qe2 O-O 10.Rd1 Qc7 11.c4 Re8 12.b3 b6 13.Bb2 Bb7 1/2-1/2

[Event "2nd EUR-ch (w)"]
[Site "Warsaw POL"]
[Date "2001.04.25"]
[Round "4.38"]
[White "Grabics, Monika"]
[Black "Grosar, Kiti"]
[Result "1/2-1/2"]
[WhiteElo "2354"]
[BlackElo "2244"]
[EventDate "2001.04.21"]
[PlyCount "73"]

1.e4 d5 2.exd5 Qxd5 3.Nc3 Qa5 4.d4 c6 5.Nf3 Bf5 6.Bc4 Nf6 7.Bd2 e6 8.Qe2 
Bb4 9.a3 Nbd7 10.O-O-O Bxc3 11.Bxc3 Qc7 12.Ne5 Nxe5 13.dxe5 Nd5 14.Bxd5 
cxd5 15.Rd4 h5 16.Kb1 a5 17.h3 Qc5 18.Rhd1 b5 19.g4 Bg6 20.f4 Be4 21.f5 
hxg4 22.hxg4 Rh3 23.fxe6 fxe6 24.Rf1 Rb8 25.Qd2 Rc8 26.Qf4 Qe7 27.Rxe4 
dxe4 28.Bxa5 Rf3 29.Rxf3 exf3 30.Qxf3 Qc5 31.Qe4 Qg1+ 32.Ka2 Qf1 33.Qg6+ 
Qf7 34.Qd3 Qd7 35.Qg6+ Qf7 36.Qd3 Qd7 37.Qg6+ 1/2-1/2

[Event "2nd EUR-ch (w)"]
[Site "Warsaw POL"]
[Date "2001.04.25"]
[Round "4.39"]
[White "Ciuksyte, Dagne"]
[Black "Socko, Monika"]
[Result "1/2-1/2"]
[WhiteElo "2217"]
[BlackElo "2351"]
[EventDate "2001.04.21"]
[PlyCount "102"]

1.e4 e6 2.d4 d5 3.Nd2 Nf6 4.e5 Nfd7 5.c3 c5 6.Bd3 b6 7.Nh3 Ba6 8.Bxa6 Nxa6
9.Qe2 Nc7 10.Nf3 Nb8 11.O-O Nc6 12.Rd1 c4 13.Nf4 Qd7 14.b3 Na5 15.b4 Nc6 
16.a4 O-O-O 17.Nh5 Kb8 18.Ba3 Qe8 19.Ng5 Be7 20.Nh3 Rg8 21.f4 Qf8 22.Rf1 
g6 23.Nf6 Rh8 24.Qa2 Ne8 25.Nxe8 Rxe8 26.b5 Na5 27.Bxe7 Qxe7 28.Qa3 Qc7 
29.Ng5 h6 30.Nf3 Kb7 31.Ra2 Rhg8 32.Qc1 Qe7 33.Kh1 Ref8 34.Qa3 Qxa3 35.
Rxa3 Ra8 36.g4 Kc7 37.Nd2 Kd7 38.Raa1 Raf8 39.f5 Ke7 40.Rab1 Rh8 41.fxe6 
fxe6 42.Rxf8 Rxf8 43.Rf1 Rxf1+ 44.Nxf1 Nb3 45.Kg2 Nc1 46.Ne3 Nd3 47.Nd1 h5
48.g5 Kd7 49.Kf3 Kc7 50.Ke3 Kb7 51.Nf2 Nxf2 1/2-1/2

[Event "2nd EUR-ch (w)"]
[Site "Warsaw POL"]
[Date "2001.04.25"]
[Round "4.40"]
[White "Demina, Yulia"]
[Black "Agrest, Svetlana"]
[Result "1/2-1/2"]
[WhiteElo "2350"]
[BlackElo "2215"]
[EventDate "2001.04.21"]
[PlyCount "39"]

1.d4 f5 2.Nf3 Nf6 3.g3 g6 4.Bg2 Bg7 5.O-O O-O 6.c4 d6 7.Nc3 c6 8.d5 Bd7 9.
Rb1 Na6 10.Nd4 Qe8 11.b3 Nc7 12.Bb2 Rb8 13.Qd3 a6 14.b4 e5 15.dxe6 Nxe6 
16.Nxe6 Bxe6 17.Qxd6 Bxc4 18.a4 Rd8 19.Qf4 Qf7 20.a5 1/2-1/2

[Event "2nd EUR-ch (w)"]
[Site "Warsaw POL"]
[Date "2001.04.25"]
[Round "4.41"]
[White "Blimke, Dalia"]
[Black "Stiazhkina, Olga"]
[Result "0-1"]
[WhiteElo "2209"]
[BlackElo "2346"]
[EventDate "2001.04.21"]
[PlyCount "75"]

1.e4 e5 2.Nf3 Nc6 3.Nc3 Nf6 4.g3 d5 5.exd5 Nxd5 6.Bg2 Nxc3 7.bxc3 Be7 8.
O-O O-O 9.Re1 Bf6 10.d3 Bg4 11.h3 Be6 12.Rb1 Rb8 13.c4 Re8 14.Kh2 h6 15.
Bb2 Bf5 16.Nd2 Qd7 17.Ne4 Be7 18.Bc3 Bh7 19.Rb5 a6 20.Rd5 Qf5 21.f4 Bb4 
22.fxe5 Bxc3 23.Nxc3 Nb4 24.Rd4 Rxe5 25.Rf1 Qg5 26.a3 Nc6 27.Rd7 Re3 28.
Rdxf7 Qxg3+ 29.Kh1 Ne5 30.R7f2 c6 31.Ne2 Qh4 32.Ng1 Re8 33.Nf3 Nxf3 34.
Rxf3 Bg6 35.Rxe3 Rxe3 36.Qd2 Qg3 37.a4 Bh5 38.Qc3 0-1

[Event "2nd EUR-ch (w)"]
[Site "Warsaw POL"]
[Date "2001.04.25"]
[Round "4.42"]
[White "Cosma, Elena-Luminita"]
[Black "Gvetadze, Sopio"]
[Result "1-0"]
[WhiteElo "2331"]
[BlackElo "2208"]
[EventDate "2001.04.21"]
[PlyCount "123"]

1.d4 d5 2.c4 e6 3.Nf3 Nf6 4.g3 Bb4+ 5.Bd2 Be7 6.Bg2 O-O 7.O-O Ne4 8.Nc3 
Nxd2 9.Qxd2 c6 10.Rfd1 Nd7 11.e4 Nb6 12.c5 Nc4 13.Qe2 b6 14.b3 Na5 15.Ne5 
bxc5 16.dxc5 d4 17.Nf3 Bxc5 18.Na4 Bb6 19.e5 Rb8 20.Nxb6 Qxb6 21.Rxd4 Ba6 
22.Qe3 Nb7 23.Ng5 h6 24.Ne4 Rbd8 25.Rad1 Rxd4 26.Rxd4 Rd8 27.Rxd8+ Qxd8 
28.Nc3 c5 29.Be4 Qd4 30.Kg2 Qxe3 31.fxe3 Nd8 32.Kf3 Kf8 33.Na4 c4 34.b4 f5
35.exf6 gxf6 36.Nc5 Bc8 37.Ke2 Ke7 38.Kd2 Nf7 39.Kc3 Nd6 40.a4 Kd8 41.Bb1 
Ke7 42.Be4 Kd8 43.b5 Kc7 44.Kb4 f5 45.Bf3 Nf7 46.Be2 Ne5 47.Bxc4 Ng4 48.
Bxe6 Nxh2 49.Bxc8 Kxc8 50.e4 fxe4 51.Nxe4 Ng4 52.Kc5 Ne5 53.Kd6 Nc4+ 54.
Ke6 Nb2 55.Nc3 Kb7 56.Kf6 Kb6 57.Kg6 Ka5 58.Kxh6 Kb4 59.g4 Kxc3 60.g5 Nd1 
61.g6 Ne3 62.a5 1-0

[Event "2nd EUR-ch (w)"]
[Site "Warsaw POL"]
[Date "2001.04.25"]
[Round "4.44"]
[White "Aginian, Nelly"]
[Black "Voiska, Margarita"]
[Result "1/2-1/2"]
[WhiteElo "2192"]
[BlackElo "2320"]
[EventDate "2001.04.21"]
[PlyCount "53"]

1.e4 d6 2.d4 Nf6 3.Nc3 g6 4.Nf3 Bg7 5.Be2 c6 6.a4 O-O 7.O-O Nbd7 8.h3 e5 
9.dxe5 dxe5 10.Be3 Qe7 11.Qd3 Nh5 12.Rfd1 Re8 13.Qd6 Qxd6 14.Rxd6 Bf8 15.
Rd2 Bc5 16.Bxc5 Nxc5 17.b4 Nd7 18.Rad1 Nhf6 19.Rd6 Re7 20.a5 Ne8 21.R6d2 
Nc7 22.Bc4 Kg7 23.Rd6 Ne8 24.R6d2 Nc7 25.Rd6 Ne8 26.R6d2 Nc7 27.Rd6 
1/2-1/2

[Event "2nd EUR-ch (w)"]
[Site "Warsaw POL"]
[Date "2001.04.25"]
[Round "4.45"]
[White "Johansson, Victoria"]
[Black "Mashinskaya, Yulia"]
[Result "1-0"]
[WhiteElo "2149"]
[BlackElo "2318"]
[EventDate "2001.04.21"]
[PlyCount "77"]

1.c4 e5 2.g3 Nf6 3.Bg2 d5 4.cxd5 Nxd5 5.Nf3 Nc6 6.O-O Be7 7.d3 O-O 8.a3 
Be6 9.b3 f6 10.Bb2 Qd7 11.Nbd2 Rad8 12.Qc2 Bd6 13.Nc4 Qf7 14.Rfd1 Nb6 15.
Rac1 Bd5 16.Nfd2 Bxg2 17.Kxg2 f5 18.Nxb6 axb6 19.Qc4 Nd4 20.Qxf7+ Rxf7 21.
e3 Nc6 22.Nc4 f4 23.b4 b5 24.Nxd6 Rxd6 25.Rc5 f3+ 26.Kf1 Rfd7 27.Rxb5 Rxd3
28.Rxd3 Rxd3 29.Ke1 Rb3 30.Bc1 Rc3 31.Kd2 Rc4 32.Rxb7 Ne7 33.Bb2 e4 34.Rb5
Rc6 35.Re5 Rd6+ 36.Bd4 Nc6 37.Rxe4 Rh6 38.h4 g5 39.Rg4 1-0

[Event "2nd EUR-ch (w)"]
[Site "Warsaw POL"]
[Date "2001.04.25"]
[Round "4.46"]
[White "Lomakina, Galia"]
[Black "Umanskaya, Irina"]
[Result "1-0"]
[WhiteElo "2134"]
[BlackElo "2313"]
[EventDate "2001.04.21"]
[PlyCount "83"]

1.Nf3 Nf6 2.g3 g6 3.Bg2 Bg7 4.O-O O-O 5.d3 d5 6.Nbd2 c5 7.e4 Nc6 8.Re1 e5 
9.c3 d4 10.Nc4 Qc7 11.a4 Nd7 12.a5 Rb8 13.cxd4 cxd4 14.b4 b5 15.axb6 Nxb6 
16.b5 Ne7 17.Ba3 Nxc4 18.dxc4 Re8 19.Bf1 a6 20.bxa6 Ra8 21.Qa4 Bxa6 22.
Bxe7 Qxe7 23.Bd3 Rec8 24.Rec1 Bb7 25.Qb5 f5 26.Rxa8 Rxa8 27.Re1 Bf6 28.Nd2
Ra2 29.Nb3 fxe4 30.Bxe4 Ba6 31.Qd5+ Kg7 32.Nc5 Bc8 33.Nd3 Be6 34.Qc6 Bh3 
35.c5 Qa7 36.Bg2 Bxg2 37.Kxg2 Qa5 38.Rb1 Qa8 39.Rb7+ Kh6 40.Qd7 e4 41.Qh3+
Kg5 42.Qh4+ 1-0

[Event "2nd EUR-ch (w)"]
[Site "Warsaw POL"]
[Date "2001.04.25"]
[Round "4.47"]
[White "Zawadzka, Magdalena"]
[Black "Berend, Elvira"]
[Result "0-1"]
[WhiteElo "2050"]
[BlackElo "2312"]
[EventDate "2001.04.21"]
[PlyCount "106"]

1.e4 c5 2.Nf3 e6 3.d3 Nc6 4.Nbd2 Nf6 5.g3 d6 6.Bg2 Be7 7.Nf1 O-O 8.Ne3 d5 
9.exd5 exd5 10.O-O d4 11.Nc4 Be6 12.b3 Nd5 13.a4 h6 14.Bd2 Qc7 15.Re1 Bf6 
16.h4 Rfe8 17.Nh2 Qd7 18.Qh5 Be7 19.Ne5 Nxe5 20.Rxe5 Nf6 21.Qf3 Bd6 22.
Ree1 Bd5 23.Qd1 Rxe1+ 24.Qxe1 Bxg2 25.Kxg2 Qc6+ 26.Kg1 a6 27.Qf1 Re8 28.
Re1 Rxe1 29.Qxe1 b5 30.axb5 axb5 31.Qa1 Nd5 32.b4 Nf6 33.bxc5 Bxc5 34.c3 
Qd6 35.Kf1 Qd5 36.Ke2 Qe6+ 37.Kd1 dxc3 38.Bxc3 Nd5 39.d4 Bf8 40.Nf1 Qf5 
41.Ke2 Qg4+ 42.f3 Qc8 43.Kd2 Qh3 44.f4 Qg2+ 45.Ke1 Qe4+ 46.Kd2 b4 47.Bb2 
b3 48.Qd1 Bb4+ 49.Kc1 Qg2 50.Qd3 Qf2 51.Kb1 Qe1+ 52.Bc1 Ba3 53.Qc4 Nc3+ 
0-1

[Event "2nd EUR-ch (w)"]
[Site "Warsaw POL"]
[Date "2001.04.25"]
[Round "4.48"]
[White "Lagvilava, Genrieta"]
[Black "Georgieva, Liubka"]
[Result "1-0"]
[WhiteElo "2300"]
[BlackElo "2162"]
[EventDate "2001.04.21"]
[PlyCount "71"]

1.e4 e5 2.Nf3 Nc6 3.Nc3 Nf6 4.d4 exd4 5.Nxd4 Bb4 6.Nxc6 bxc6 7.Bd3 d5 8.
exd5 Qe7+ 9.Qe2 Nxd5 10.Qxe7+ Kxe7 11.Bd2 Nxc3 12.bxc3 Bd6 13.O-O Be6 14.
a4 a5 15.c4 Rhb8 16.Bc3 g6 17.Rfb1 Rxb1+ 18.Rxb1 Bd7 19.Be4 Ra6 20.h4 c5 
21.Ra1 Be6 22.Bb7 Ra7 23.Bd5 Bf5 24.Re1+ Kf8 25.Bf6 Ra6 26.Bg5 Kg7 27.Bd2 
Bxc2 28.Re8 Bf8 29.Bc3+ f6 30.Rc8 Ra7 31.g4 c6 32.Rxc6 Be7 33.g5 Bd8 34.
gxf6+ Kf8 35.Rc8 Rd7 36.Bxa5 1-0

[Event "2nd EUR-ch (w)"]
[Site "Warsaw POL"]
[Date "2001.04.25"]
[Round "4.49"]
[White "Morkunaite, Egle"]
[Black "Zakurdyaeva, Irina"]
[Result "1/2-1/2"]
[WhiteElo "2028"]
[BlackElo "2282"]
[EventDate "2001.04.21"]
[PlyCount "150"]

1.e4 c5 2.Nf3 e6 3.d4 cxd4 4.Nxd4 a6 5.Bd3 Bc5 6.Nb3 Ba7 7.O-O Nc6 8.Kh1 
Nge7 9.f4 Ng6 10.e5 O-O 11.c4 Nb4 12.Be2 Rb8 13.Nc3 Nh4 14.a3 Nc6 15.Bd3 
Kh8 16.Ne4 Nf5 17.Ng5 h6 18.Rf3 Kg8 19.Rh3 b5 20.c5 a5 21.g4 Nfe7 22.Bh7+ 
Kh8 23.Qd3 Bb7 24.Kg1 f5 25.exf6 Rxf6 26.Ne4 Nd5 27.f5 Ne5 28.Qg3 exf5 29.
Bxf5 d6 30.Bg5 Nf7 31.Bxf6 Nxf6 32.Re1 Nxe4 33.Bxe4 Bxe4 34.Rxe4 Ng5 35.
Nd2 Nxh3+ 36.Qxh3 Qg5 37.Qd3 Qxc5+ 38.Kg2 Rf8 39.Re2 Rf2+ 40.Rxf2 Qxf2+ 
41.Kh3 Qe3+ 42.Qxe3 Bxe3 43.Ne4 d5 44.Nc3 Bd4 45.Nxb5 Bxb2 46.a4 g5 47.Nc7
d4 48.Kg3 Kg7 49.Kf3 d3 50.Ke3 Be5 51.Nd5 Bxh2 52.Kxd3 Bd6 53.Ne3 Kg6 54.
Nf5 Bb4 55.Ng3 Be1 56.Nh5 Kf7 57.Ke4 Ke6 58.Ng7+ Kf7 59.Nh5 Ke7 60.Kd5 Bc3
61.Ng3 Kf7 62.Nh5 Be1 63.Kd6 Bd2 64.Kd5 Bc1 65.Kd6 Bf4+ 66.Kd5 Bh2 67.Ke4 
Bb8 68.Kf5 Ba7 69.Ke5 Bc5 70.Kd5 Bf8 71.Ke5 Ke7 72.Ng3 Bg7+ 73.Kd5 Kd7 74.
Nf5 Bf8 75.Nd4 Bb4 1/2-1/2

[Event "2nd EUR-ch (w)"]
[Site "Warsaw POL"]
[Date "2001.04.25"]
[Round "4.50"]
[White "Fomina, Tatjana"]
[Black "Tallova, Ivana"]
[Result "1-0"]
[WhiteElo "2278"]
[BlackElo "2108"]
[EventDate "2001.04.21"]
[PlyCount "95"]

1.e4 e5 2.Nf3 Nc6 3.Bb5 a6 4.Ba4 Nf6 5.Qe2 b5 6.Bb3 Be7 7.O-O d6 8.c3 O-O 
9.Rd1 Na5 10.Bc2 c5 11.d3 h6 12.Nbd2 Re8 13.Nf1 Nc6 14.Ne3 Bf8 15.h3 Bb7 
16.Nh2 d5 17.Nhg4 Nxg4 18.hxg4 Ne7 19.c4 d4 20.Nd5 Nxd5 21.cxd5 Rc8 22.g3 
c4 23.Kg2 c3 24.bxc3 Rxc3 25.Bb3 a5 26.Bd2 Rc8 27.a4 b4 28.g5 hxg5 29.Rh1 
g6 30.Qg4 Bg7 31.Bxg5 Qd6 32.Qh4 Rc3 33.Bc4 Ba6 34.Bxa6 Qxa6 35.Be7 f6 36.
d6 Rxe7 37.dxe7 Kf7 38.Qh7 Qe6 39.Rh6 Qxe7 40.Qxg6+ Kf8 41.Rh7 b3 42.Rah1 
Qf7 43.Qg4 b2 44.Qe2 Rb3 45.Qc2 Qb7 46.Qc5+ Kf7 47.Qc4+ Kf8 48.Qe6 1-0

[Event "2nd EUR-ch (w)"]
[Site "Warsaw POL"]
[Date "2001.04.25"]
[Round "4.52"]
[White "Kulish, Irina"]
[Black "Kludacz, Magdalena"]
[Result "1-0"]
[WhiteElo "2302"]
[BlackElo "2203"]
[EventDate "2001.04.21"]
[PlyCount "101"]

1.e4 e6 2.d4 d5 3.Nc3 Bb4 4.Ne2 dxe4 5.a3 Be7 6.Nxe4 Nf6 7.Qd3 O-O 8.Be3 
Nd5 9.Bd2 b6 10.c4 Ba6 11.N2g3 Nd7 12.Qc2 N5f6 13.Bd3 Bb7 14.O-O h6 15.Bc3
c5 16.dxc5 bxc5 17.Rad1 Qb6 18.Rfe1 a5 19.Nxf6+ Nxf6 20.Nf5 Bd8 21.Nd6 Bc6
22.Re3 Nd7 23.Rg3 Bf6 24.Ne4 Bxc3 25.Qxc3 e5 26.Bc2 a4 27.Rd6 f6 28.Qd2 
Rf7 29.Nc3 Qc7 30.Bg6 Re7 31.Rxc6 Qxc6 32.Be4 Qa6 33.Qd5+ Kf8 34.Qxa8+ 
Qxa8 35.Bxa8 Nb6 36.Bd5 g5 37.Rd3 f5 38.f3 h5 39.Nb5 e4 40.fxe4 fxe4 41.
Re3 Nxd5 42.cxd5 Rb7 43.Nc3 Rxb2 44.Rxe4 Rb3 45.Nxa4 Rxa3 46.Nxc5 Ra1+ 47.
Kf2 Rd1 48.Ne6+ Ke7 49.Rd4 Rh1 50.Nxg5 Kd6 51.Nf3 1-0

[Event "2nd EUR-ch (w)"]
[Site "Warsaw POL"]
[Date "2001.04.25"]
[Round "4.54"]
[White "Krivec, Jana"]
[Black "Kucypera, Anna"]
[Result "1/2-1/2"]
[WhiteElo "2265"]
[BlackElo "2145"]
[EventDate "2001.04.21"]
[PlyCount "82"]

1.e4 c5 2.Nf3 d6 3.d4 cxd4 4.Nxd4 Nf6 5.Nc3 g6 6.Be2 Bg7 7.O-O O-O 8.Nb3 
Nc6 9.Bg5 a6 10.f4 b5 11.Bf3 Bb7 12.Nd5 Nd7 13.c3 Re8 14.Bh4 Rc8 15.Bg4 
Rb8 16.e5 f5 17.exf6 Nxf6 18.Be6+ Kh8 19.f5 Nxd5 20.Bxd5 Ne5 21.Bxb7 Rxb7 
22.Nd4 Bf6 23.Bg3 Rg8 24.Qe2 Qc8 25.fxg6 Rxg6 26.Qe4 Rc7 27.Rae1 Qg8 28.a3
Nc4 29.Ne6 Nd2 30.Qd5 Nxf1 31.Nxc7 Qxd5 32.Nxd5 Nxg3 33.hxg3 Rxg3 34.Nxe7 
Rd3 35.Nf5 Be5 36.Re2 Kg8 37.Kf2 Kf7 38.Rc2 Ke6 39.Ke2 Rd5 40.Ne3 Rc5 41.
Kd3 Bg3 1/2-1/2

[Event "2nd EUR-ch (w)"]
[Site "Warsaw POL"]
[Date "2001.04.25"]
[Round "4.56"]
[White "Milligan, Helen"]
[Black "Baklanova, Tatiana"]
[Result "0-1"]
[WhiteElo "2124"]
[BlackElo "2257"]
[EventDate "2001.04.21"]
[PlyCount "64"]

1.e4 c5 2.Nf3 Nc6 3.d4 cxd4 4.Nxd4 Nf6 5.Nc3 Qb6 6.Nb3 e6 7.Be3 Qc7 8.a3 
a6 9.Bd3 b5 10.O-O Be7 11.f4 d6 12.Qe2 b4 13.Na4 Nd7 14.f5 O-O 15.fxe6 
fxe6 16.Rxf8+ Bxf8 17.Rf1 bxa3 18.bxa3 Nce5 19.Qf2 Nf6 20.Nb6 Rb8 21.h3 
Bb7 22.Nd2 a5 23.Rb1 Nxd3 24.cxd3 Ba6 25.Rb3 Qc2 26.Qf3 Bxd3 27.Bg5 Nxe4 
28.Nd7 Nxg5 29.Qf4 Rd8 30.Nxf8 Nxh3+ 31.gxh3 Rxf8 32.Qxd6 Qd1+ 0-1

[Event "2nd EUR-ch (w)"]
[Site "Warsaw POL"]
[Date "2001.04.25"]
[Round "4.57"]
[White "Costagliola, Marina"]
[Black "Szymanowska, Karolina"]
[Result "1-0"]
[WhiteElo "2254"]
[BlackElo "2130"]
[EventDate "2001.04.21"]
[PlyCount "127"]

1.e4 c5 2.Nc3 Nc6 3.g3 g6 4.Bg2 Bg7 5.d3 e6 6.Be3 d6 7.Qd2 Rb8 8.Nge2 Nd4 
9.Bxd4 cxd4 10.Nb5 Qb6 11.Qb4 Ke7 12.c3 dxc3 13.bxc3 a6 14.Nbd4 Qxb4 15.
cxb4 Bd7 16.O-O f5 17.Rac1 Nf6 18.exf5 gxf5 19.Rc7 d5 20.f4 Rhc8 21.Rxc8 
Rxc8 22.h3 Kd6 23.Kf2 Ng8 24.Ke3 Ne7 25.a3 Nc6 26.Nc2 Na7 27.Kd2 Nb5 28.d4
Rc4 29.Kd3 Ke7 30.g4 Nd6 31.Re1 Bb5 32.Kd2 Rc8 33.Nc3 Bc6 34.Bxd5 Bxd5 35.
Nxd5+ Kf7 36.Nde3 Bh6 37.gxf5 exf5 38.Kd3 Bxf4 39.Nxf5 Nb5 40.Rf1 Rc3+ 41.
Ke4 Rxc2 42.Rxf4 Ke6 43.d5+ Kd7 44.Ne3 Nd6+ 45.Kf3 Rc3 46.a4 b5 47.axb5 
axb5 48.Ke2 Nc4 49.Nxc4 bxc4 50.Rf3 Rc2+ 51.Ke3 Rb2 52.Kd4 Rxb4 53.Rc3 Rb3
54.Kxc4 Rxc3+ 55.Kxc3 Kd6 56.Kd4 Kd7 57.h4 Kd6 58.h5 Kd7 59.h6 Kd6 60.Ke4 
Kd7 61.Ke5 Ke7 62.d6+ Kd7 63.Kd5 Kd8 64.Ke6 1-0